Language development from theory to practice / (Record no. 535303)
[ view plain ]
| 000 -LEADER | |
|---|---|
| fixed length control field | 01186cam a22003618i 4500 |
| 001 - CONTROL NUMBER | |
| control field | 18807604 |
| 003 - CONTROL NUMBER IDENTIFIER | |
| control field | NUST |
| 005 - DATE AND TIME OF LATEST TRANSACTION | |
| control field | 20200903104756.0 |
| 008 - FIXED-LENGTH DATA ELEMENTS--GENERAL INFORMATION | |
| fixed length control field | 151005s2015 nju b 001 0 eng |
| 010 ## - LIBRARY OF CONGRESS CONTROL NUMBER | |
| LC control number | 2015028472 |
| 020 ## - INTERNATIONAL STANDARD BOOK NUMBER | |
| International Standard Book Number | 9780134170428 (alk. paper) |
| 020 ## - INTERNATIONAL STANDARD BOOK NUMBER | |
| International Standard Book Number | 0134170423 (alk. paper) |
| 038 ## - RECORD CONTENT LICENSOR | |
| Staff Name | MSOHAIL |
| 040 ## - CATALOGING SOURCE | |
| Original cataloging agency | DLC |
| Language of cataloging | eng |
| Transcribing agency | DLC |
| Description conventions | rda |
| 042 ## - AUTHENTICATION CODE | |
| Authentication code | pcc |
| 050 00 - LIBRARY OF CONGRESS CALL NUMBER | |
| Classification number | P118 |
| Item number | .P396 2015 |
| 082 00 - DEWEY DECIMAL CLASSIFICATION NUMBER | |
| Classification number | 401.93 |
| Edition number | 23 |
| Author Mark | TUR |
| 100 1# - MAIN ENTRY--PERSONAL NAME | |
| Personal name | Pence, Khara L. |
| 9 (RLIN) | 29788 |
| 245 10 - TITLE STATEMENT | |
| Title | Language development from theory to practice / |
| Statement of responsibility, etc. | Khara L. Pence Turnbull, The Ohio State University ; Laura M. Justice, The Ohio State University. |
| 250 ## - EDITION STATEMENT | |
| Edition statement | Third edition. |
| 263 ## - PROJECTED PUBLICATION DATE | |
| Projected publication date | 1511 |
| 264 #1 - PRODUCTION, PUBLICATION, DISTRIBUTION, MANUFACTURE, AND COPYRIGHT NOTICE | |
| Place of production, publication, distribution, manufacture | Upper Saddle River, New Jersey : |
| Name of producer, publisher, distributor, manufacturer | Pearson Education, Inc., |
| Date of production, publication, distribution, manufacture, or copyright notice | 2017. |
| 300 ## - PHYSICAL DESCRIPTION | |
| Extent | pages cm |
| 336 ## - CONTENT TYPE | |
| Content type term | text |
| Source | rdacontent |
| 337 ## - MEDIA TYPE | |
| Media type term | unmediated |
| Source | rdamedia |
| 338 ## - CARRIER TYPE | |
| Carrier type term | volume |
| Source | rdacarrier |
| 504 ## - BIBLIOGRAPHY, ETC. NOTE | |
| Bibliography, etc. note | Includes bibliographical references and index. |
| 650 #0 - SUBJECT ADDED ENTRY--TOPICAL TERM | |
| Topical term or geographic name entry element | Language acquisition. |
| 9 (RLIN) | 29789 |
| 700 1# - ADDED ENTRY--PERSONAL NAME | |
| Personal name | Justice, Laura M., |
| Dates associated with a name | 1968- |
| 9 (RLIN) | 29790 |
| 906 ## - LOCAL DATA ELEMENT F, LDF (RLIN) | |
| a | 7 |
| b | cbc |
| c | orignew |
| d | 1 |
| e | ecip |
| f | 20 |
| g | y-gencatlg |
| 942 ## - ADDED ENTRY ELEMENTS (KOHA) | |
| Source of classification or shelving scheme | |
| Koha item type | Book |
| Withdrawn status | Lost status | Source of classification or shelving scheme | Damaged status | Not for loan | Permanent Location | Current Location | Date acquired | Total Checkouts | Full call number | Barcode | Date last seen | Price effective from | Koha item type |
|---|---|---|---|---|---|---|---|---|---|---|---|---|---|
| School of Civil and Environmental Engineering (SCEE) | School of Civil and Environmental Engineering (SCEE) | 09/03/2020 | 401.93 TUR | NIT-13186 | 09/03/2020 | 09/03/2020 | Book |
